<?xml version="1.0" encoding="UTF-8"?>
<record
    xmlns:xsi="http://www.w3.org/2001/XMLSchema-instance"
    xsi:schemaLocation="http://www.loc.gov/MARC21/slim http://www.loc.gov/standards/marcxml/schema/MARC21slim.xsd"
    xmlns="http://www.loc.gov/MARC21/slim">

  <leader>00729nam a2200217Ia 4500</leader>
  <controlfield tag="005">20220722135313.0</controlfield>
  <controlfield tag="008">210716s2016    xx            000 0 und d</controlfield>
  <datafield tag="020" ind1=" " ind2=" ">
    <subfield code="a">9788126537075</subfield>
  </datafield>
  <datafield tag="040" ind1=" " ind2=" ">
    <subfield code="c">AIMIT LIBRARY</subfield>
  </datafield>
  <datafield tag="041" ind1=" " ind2=" ">
    <subfield code="a">eng</subfield>
  </datafield>
  <datafield tag="082" ind1=" " ind2=" ">
    <subfield code="a">519.5</subfield>
    <subfield code="2">7</subfield>
    <subfield code="b">BLAK</subfield>
  </datafield>
  <datafield tag="100" ind1=" " ind2=" ">
    <subfield code="a">Black, Ken.</subfield>
    <subfield code="9">52697</subfield>
  </datafield>
  <datafield tag="245" ind1=" " ind2=" ">
    <subfield code="a">Applied business statistics: </subfield>
    <subfield code="b">making better business decisions /</subfield>
    <subfield code="c">By Ken Black</subfield>
  </datafield>
  <datafield tag="250" ind1=" " ind2=" ">
    <subfield code="a">7th ed.</subfield>
  </datafield>
  <datafield tag="260" ind1=" " ind2=" ">
    <subfield code="a">New Delhi :</subfield>
    <subfield code="b">Wiley India Pvt Ltd ,</subfield>
    <subfield code="c">2016.</subfield>
  </datafield>
  <datafield tag="300" ind1=" " ind2=" ">
    <subfield code="a">xxiii, 850p. ;</subfield>
    <subfield code="c">25 cm.</subfield>
  </datafield>
  <datafield tag="650" ind1=" " ind2=" ">
    <subfield code="a">Describing data through statistics</subfield>
    <subfield code="9">52698</subfield>
  </datafield>
  <datafield tag="650" ind1=" " ind2=" ">
    <subfield code="a">Making inferences about population parameters</subfield>
    <subfield code="9">52699</subfield>
  </datafield>
  <datafield tag="650" ind1=" " ind2=" ">
    <subfield code="a">Regression analysis and forecasting</subfield>
    <subfield code="9">52700</subfield>
  </datafield>
  <datafield tag="942" ind1=" " ind2=" ">
    <subfield code="2">ddc</subfield>
    <subfield code="c">BK</subfield>
    <subfield code="e">7th</subfield>
    <subfield code="k">519.5 BLAK</subfield>
  </datafield>
  <datafield tag="999" ind1=" " ind2=" ">
    <subfield code="c">197162</subfield>
    <subfield code="d">197162</subfield>
  </datafield>
  <datafield tag="952" ind1=" " ind2=" ">
    <subfield code="0">0</subfield>
    <subfield code="1">0</subfield>
    <subfield code="2">ddc</subfield>
    <subfield code="4">0</subfield>
    <subfield code="7">0</subfield>
    <subfield code="8">MCA</subfield>
    <subfield code="a">AIMIT</subfield>
    <subfield code="b">AIMIT</subfield>
    <subfield code="d">2017-03-07</subfield>
    <subfield code="e">Biblios Book Point</subfield>
    <subfield code="g">839.00</subfield>
    <subfield code="i">Bill no:940; Bill dt:2017-03-04</subfield>
    <subfield code="l">1</subfield>
    <subfield code="o">519.5 BLAK</subfield>
    <subfield code="p">MCA15206</subfield>
    <subfield code="r">2025-07-21 00:00:00</subfield>
    <subfield code="s">2023-06-10</subfield>
    <subfield code="v">646.03</subfield>
    <subfield code="w">2021-07-16</subfield>
    <subfield code="y">BK</subfield>
  </datafield>
  <datafield tag="952" ind1=" " ind2=" ">
    <subfield code="0">0</subfield>
    <subfield code="1">0</subfield>
    <subfield code="2">ddc</subfield>
    <subfield code="4">0</subfield>
    <subfield code="7">0</subfield>
    <subfield code="8">MCA</subfield>
    <subfield code="a">AIMIT</subfield>
    <subfield code="b">AIMIT</subfield>
    <subfield code="d">2017-03-07</subfield>
    <subfield code="e">Biblios Book Point</subfield>
    <subfield code="g">839.00</subfield>
    <subfield code="i">Bill no:940; Bill dt:2017-03-04</subfield>
    <subfield code="l">1</subfield>
    <subfield code="o">519.5 BLAK</subfield>
    <subfield code="p">MCA15207</subfield>
    <subfield code="r">2025-07-21 00:00:00</subfield>
    <subfield code="s">2023-08-17</subfield>
    <subfield code="v">646.03</subfield>
    <subfield code="w">2021-07-16</subfield>
    <subfield code="y">BK</subfield>
  </datafield>
  <datafield tag="952" ind1=" " ind2=" ">
    <subfield code="0">0</subfield>
    <subfield code="1">0</subfield>
    <subfield code="2">ddc</subfield>
    <subfield code="4">0</subfield>
    <subfield code="7">0</subfield>
    <subfield code="8">MCA</subfield>
    <subfield code="a">AIMIT</subfield>
    <subfield code="b">AIMIT</subfield>
    <subfield code="d">2017-03-07</subfield>
    <subfield code="e">Biblios Book Point</subfield>
    <subfield code="g">839.00</subfield>
    <subfield code="i">Bill no:940; Bill dt:2017-03-04</subfield>
    <subfield code="l">0</subfield>
    <subfield code="o">519.5 BLAK</subfield>
    <subfield code="p">MCA15208</subfield>
    <subfield code="r">2025-07-21 00:00:00</subfield>
    <subfield code="v">646.03</subfield>
    <subfield code="w">2021-07-16</subfield>
    <subfield code="y">BK</subfield>
  </datafield>
  <datafield tag="952" ind1=" " ind2=" ">
    <subfield code="0">0</subfield>
    <subfield code="1">0</subfield>
    <subfield code="2">ddc</subfield>
    <subfield code="4">0</subfield>
    <subfield code="7">0</subfield>
    <subfield code="8">MCA</subfield>
    <subfield code="a">AIMIT</subfield>
    <subfield code="b">AIMIT</subfield>
    <subfield code="d">2017-03-07</subfield>
    <subfield code="e">Biblios Book Point</subfield>
    <subfield code="g">839.00</subfield>
    <subfield code="i">Bill no:940; Bill dt:2017-03-04</subfield>
    <subfield code="l">1</subfield>
    <subfield code="o">519.5 BLAK</subfield>
    <subfield code="p">MCA15209</subfield>
    <subfield code="r">2025-07-21 00:00:00</subfield>
    <subfield code="s">2022-03-23</subfield>
    <subfield code="v">646.03</subfield>
    <subfield code="w">2021-07-16</subfield>
    <subfield code="y">BK</subfield>
  </datafield>
  <datafield tag="952" ind1=" " ind2=" ">
    <subfield code="0">0</subfield>
    <subfield code="1">0</subfield>
    <subfield code="2">ddc</subfield>
    <subfield code="4">0</subfield>
    <subfield code="7">0</subfield>
    <subfield code="8">MCA</subfield>
    <subfield code="a">AIMIT</subfield>
    <subfield code="b">AIMIT</subfield>
    <subfield code="d">2017-03-07</subfield>
    <subfield code="e">Biblios Book Point</subfield>
    <subfield code="g">839.00</subfield>
    <subfield code="i">Bill no:940; Bill dt:2017-03-04</subfield>
    <subfield code="l">0</subfield>
    <subfield code="o">519.5 BLAK</subfield>
    <subfield code="p">MCA15210</subfield>
    <subfield code="r">2025-07-21 00:00:00</subfield>
    <subfield code="v">646.03</subfield>
    <subfield code="w">2021-07-16</subfield>
    <subfield code="y">BK</subfield>
  </datafield>
  <datafield tag="952" ind1=" " ind2=" ">
    <subfield code="0">0</subfield>
    <subfield code="1">0</subfield>
    <subfield code="2">ddc</subfield>
    <subfield code="4">0</subfield>
    <subfield code="7">0</subfield>
    <subfield code="8">MCA</subfield>
    <subfield code="a">AIMIT</subfield>
    <subfield code="b">AIMIT</subfield>
    <subfield code="e">Knowledge World</subfield>
    <subfield code="g">839.00</subfield>
    <subfield code="i">Bill no:929; Bill dt:2020-03-16</subfield>
    <subfield code="l">3</subfield>
    <subfield code="o">519.5 BLAK</subfield>
    <subfield code="p">MCA16677</subfield>
    <subfield code="r">2026-06-04 16:18:59</subfield>
    <subfield code="s">2024-04-12</subfield>
    <subfield code="v">629.25</subfield>
    <subfield code="w">2021-07-16</subfield>
    <subfield code="y">BK</subfield>
  </datafield>
  <datafield tag="952" ind1=" " ind2=" ">
    <subfield code="0">0</subfield>
    <subfield code="1">0</subfield>
    <subfield code="2">ddc</subfield>
    <subfield code="4">0</subfield>
    <subfield code="7">0</subfield>
    <subfield code="8">MBA</subfield>
    <subfield code="a">AIMIT</subfield>
    <subfield code="b">AIMIT</subfield>
    <subfield code="d">2017-02-10</subfield>
    <subfield code="g">839.00</subfield>
    <subfield code="i">Bill no:734; Bill dt:2017-02-06</subfield>
    <subfield code="l">0</subfield>
    <subfield code="o">519.5 BLAK</subfield>
    <subfield code="p">MBA12484</subfield>
    <subfield code="r">2026-05-23 00:00:00</subfield>
    <subfield code="v">646.03</subfield>
    <subfield code="w">2021-07-16</subfield>
    <subfield code="y">BK</subfield>
  </datafield>
</record>
